Christian Muslim Relations Dialogue and Study (Record no. 7783)

MARC details
000 -LEADER
fixed length control field 00287nam a22001217a 4500
082 00 - DEWEY DECIMAL CLASSIFICATION NUMBER
Classification number 291.172 CHI
100 ## - MAIN ENTRY--AUTHOR NAME
Author name Chinniah, Issac
245 ## - TITLE STATEMENT
Title Christian Muslim Relations Dialogue and Study
260 ## - PUBLICATION, DISTRIBUTION, ETC. (IMPRINT)
Year of publication 1979
300 ## - PHYSICAL DESCRIPTION
Number of Pages 47
650 ## - SUBJECT ADDED ENTRY--TOPICAL TERM
Topical Term Interfaith Dialogue-Christian Musli
942 ## - ADDED ENTRY ELEMENTS (KOHA)
Koha item type Reading Reference Book
Holdings
Home library Current library Date acquired Source of acquisition Cost, normal purchase price Full call number Accession Number Koha item type
Henry Martyn Institute Library Henry Martyn Institute Library 03/29/2017 Henry Martyh Institute 100.00 291.172 CHI 13168 Reading Reference Book
                   Copyright © 2026 | Henry Martyn Institute | Hyderabad | TS-500052 | INDIA | Implemented by hmi.edu.in
Hit-Count:

Powered by Koha